00321 a2200145 450000100060000002000150000604000240002110000180004524000290006324500240009230000070011636200090012344000120013265000310014469251 a8508095074 cAnchieta - Itaigara aChild, Lauren10aClarice Bean sou eulpor10aClarice Bean sou eu a310 a2005 1aÁtica 4aLiteratura infanto-juvenil